UBT Library

Access 97 Programmierung / (Record no. 45)

000 -LEADER
fixed length control field 00521nam a22001937a 4500
008 - FIXED-LENGTH DATA ELEMENTS--GENERAL INFORMATION
fixed length control field 131008b xxu||||| |||| 00| 0 ger d
020 ## - INTERNATIONAL STANDARD BOOK NUMBER
International Standard Book Number 3815813395
041 0# - LANGUAGE CODE
Language code of text/sound track or separate title ger
080 ## - UNIVERSAL DECIMAL CLASSIFICATION NUMBER
Universal Decimal Classification number 004.45
100 ## - Rafti
Rafti Bär, Jürgen
245 ## - TITLE STATEMENT
Title Access 97 Programmierung /
Statement of responsibility, etc Jürgen Bär ;
250 ## -
-- 1. Auflage
260 ## -
-- Düsseldorf :
-- Data Becker ;
-- 1997
300 ## -
-- 1162 f. :
-- me il. ;
-- 24 cm.
500 ## -
-- Index f. 1145 - 1162
650 ## -
-- Progamimi
700 1# -
-- Bauder, Irene
942 ## - ADDED ENTRY ELEMENTS (KOHA)
Source of classification or shelving scheme
Item type Books

No items available.

UBT Library © 2015-2024. All rights reserved University Education for Business and Technology